Seis grandes ideas: la verdad, la bondad, la belleza, ideas con la que juzgamos, ideas con la que actuamos
Uloženo v:
| Hlavní autor: | |
|---|---|
| Další autoři: | |
| Médium: | Kniha |
| Jazyk: | španělština |
| Vydáno: |
Ciudad de México
Grijalbo
1986
|
| Edice: | Autoayuda y superación
|
| Témata: | |
| Tagy: |
Přidat tag
Žádné tagy, Buďte první, kdo vytvoří štítek k tomuto záznamu!
|
MARC
| LEADER | 00000nam a2200000 a 4500 | ||
|---|---|---|---|
| 001 | UCW4065 | ||
| 003 | CL-VaPUC | ||
| 005 | 20211118122510.0 | ||
| 008 | 890818e19860000MX |||||||||||||||||spa|d | ||
| 999 | |c 217888 |d 217886 | ||
| 040 | |c Pontificia Universidad Católica de Valparaíso | ||
| 082 | 0 | 4 | |a 102 |b ADL |2 21 |
| 100 | 0 | |a Adler, Mortimer Jerome |e author |9 308608 | |
| 245 | 1 | 0 | |a Seis grandes ideas: la verdad, la bondad, la belleza, ideas con la que juzgamos, ideas con la que actuamos |
| 260 | |a Ciudad de México |b Grijalbo |c 1986 | ||
| 300 | |a 241 p | ||
| 490 | 0 | |a Autoayuda y superación | |
| 583 | |a last modification |c 20190624 10:22:11 |k Rodrigo Vera | ||
| 650 | 0 | |a Filosofía |9 223554 | |
| 650 | 7 | |a IDEA |2 CL-VaPUC |9 308609 | |
| 700 | 1 | |a Avalos, Bernardo |e traductor |9 864709 | |
| 942 | |c BK |2 ddc | ||
| 945 | |d 19890818 00:00:00 | ||
| 952 | |0 0 |1 0 |4 0 |6 102_000000000000000_ADL_1986 |7 0 |8 A |9 206495 |a BIBEDU |b BIBEDU |d 2019-11-15 |i 2743086 |o 102 ADL 1986 |p 2743086 |r 2019-11-15 |w 2019-11-15 |y BK |k EDU | ||